Life in a Country Album : Poems /
From migrations to pop culture, loss to la derive, Life in a Country Album is a soundtrack of the global cultural landscape--borders and citizenship, hybrid identities and home, freedom and pleasure. It's a vast and moving look at the world, at what home means, and the ways we coexist in an inc...
| Clasificación: | Libro Electrónico |
|---|---|
| Autor principal: | |
| Formato: | Electrónico eBook |
| Idioma: | Inglés |
| Publicado: |
Baltimore, Maryland :
Project Muse,
2019
|
| Colección: | Pitt poetry series.
Book collections on Project MUSE. |
| Temas: | |
| Acceso en línea: | Texto completo |
MARC
| LEADER | 00000cam a22000004a 4500 | ||
|---|---|---|---|
| 001 | musev2_68124 | ||
| 003 | MdBmJHUP | ||
| 005 | 20230905051030.0 | ||
| 006 | m o d | ||
| 007 | cr||||||||nn|n | ||
| 008 | 191010s2019 pau o 00 0 eng d | ||
| 020 | |a 9780822986959 | ||
| 020 | |z 9780822965947 | ||
| 035 | |a (OCoLC)1121074920 | ||
| 040 | |a MdBmJHUP |c MdBmJHUP | ||
| 050 | 4 | |a PS3558.A46252 |b A6 2019 | |
| 100 | 1 | |a Handal, Nathalie, |d 1969- |e author. | |
| 240 | 1 | 0 | |a Poems. |k Selections |
| 245 | 1 | 0 | |a Life in a Country Album : |b Poems / |c Nathalie Handal. |
| 264 | 1 | |a Baltimore, Maryland : |b Project Muse, |c 2019 | |
| 264 | 3 | |a Baltimore, Md. : |b Project MUSE, |c 2019 | |
| 264 | 4 | |c ©2019 | |
| 300 | |a 1 online resource (104 pages). | ||
| 336 | |a text |b txt |2 rdacontent | ||
| 337 | |a computer |b c |2 rdamedia | ||
| 338 | |a online resource |b cr |2 rdacarrier | ||
| 490 | 0 | |a Pitt poetry series | |
| 500 | |a Poems. | ||
| 500 | |a Issued as part of book collections on Project MUSE. | ||
| 506 | |a Access restricted to authorized users and institutions. | ||
| 520 | |a From migrations to pop culture, loss to la derive, Life in a Country Album is a soundtrack of the global cultural landscape--borders and citizenship, hybrid identities and home, freedom and pleasure. It's a vast and moving look at the world, at what home means, and the ways we coexist in an increasingly divided world. These poems are about the dialects of the heart--those we are incapable of parting from, and those that are largely forgotten. Life in a Country Album is a vital book for our times. With this beautiful, epic collection, Nathalie Handal affirms herself as one of our most diverse and important contemporary poets. | ||
| 588 | |a Description based on print version record. | ||
| 650 | 0 | |a American poetry |y 21st century. | |
| 655 | 7 | |a Poetry. |2 lcgft | |
| 655 | 7 | |a Electronic books. |2 local | |
| 710 | 2 | |a Project Muse, |e distributor. | |
| 776 | 1 | 8 | |i Print version: |z 0822965941 |z 9780822965947 |
| 710 | 2 | |a Project Muse. |e distributor | |
| 830 | 0 | |a Pitt poetry series. | |
| 830 | 0 | |a Book collections on Project MUSE. | |
| 856 | 4 | 0 | |z Texto completo |u https://projectmuse.uam.elogim.com/book/68124/ |
| 945 | |a Project MUSE - Custom Collection | ||
| 945 | |a Project MUSE - 2019 Complete | ||
| 945 | |a Project MUSE - 2019 Poetry, Fiction and Creative Non-Fiction | ||


